Экслибрисы Аркадия Григорьевича Елфимова (Запись № 10729837)

Подробности
000 -МАРКЕР
контрольное поле 02001nam0a2200397 i 4500
001 - ИДЕНТИФИКАТОР ЗАПИСИ
контрольное поле RU\NLR\BIBL_A\010934485
005 - ИДЕНТИФИКАТОР ВЕРСИИ
контрольное поле 20260407070758.0
010 ## - МЕЖДУНАРОДНЫЙ СТАНДАРТНЫЙ НОМЕР КНИГИ (ISBN)
Номер (ISBN) 9785981780790
Тираж 1000
021 ## - НОМЕР ГОСУДАРСТВЕННОЙ РЕГИСТРАЦИИ
Код страны российская федерация
Номер 2015-93727
Номер Листа государственной регистраци 5790
035 ## - ДРУГИЕ СИСТЕМНЫЕ НОМЕРА
Идентификатор записи (NILC)RuMoRGB-007940890
035 ## - ДРУГИЕ СИСТЕМНЫЕ НОМЕРА
Идентификатор записи (NLR Aleph) 010934485
100 ## - ДАННЫЕ ОБЩЕЙ ОБРАБОТКИ
Данные общей обработки 20151217d2015 m y0rusy50 ca
101 0# - ЯЗЫК РЕСУРСА
Язык текста, звукозаписи и т.д. русский
102 ## - СТРАНА ПУБЛИКАЦИИ ИЛИ ПРОИЗВОДСТВА
Страна публикации российская федерация
105 ## - ПОЛЕ КОДИРОВАННЫХ ДАННЫХ: ТЕКСТОВЫЕ МАТЕРИАЛЫ, МОНОГРАФИЧЕСКИЕ
Кодированные данные о монографическом текстовом документе ac z 000yd
200 1# - ЗАГЛАВИЕ И СВЕДЕНИЯ ОБ ОТВЕТСТВЕННОСТИ
Основное заглавие Экслибрисы Аркадия Григорьевича Елфимова
Первые сведения об ответственности [Общественный благотворительный фонд "Возрождение Тобольска"
Последующие сведения об ответственности ред.-сост. Сергей Птухин
-- ред. Нина Ягодинцева]
210 ## - ПУБЛИКАЦИЯ, РАСПРОСТРАНЕНИЕ И ДР.
Место издания, распространения и т.д. Тобольск
Имя издателя, распространителя и т. д. Тюменский региональный общественный благотворительный фонд "Возрождение Тобольска"
Дата издания, распространения и т.д. 2015
215 ## - ФИЗИЧЕСКАЯ ХАРАКТЕРИСТИКА
Специфическое обозначение материала и объем 95, [16] с.
Другие сведения о физической характеристике ил., цв. ил., портр.
Размеры 29
225 1# - СЕРИЯ
Основное заглавие серии Сибирский художественный музей
Сведения, относящиеся к заглавию СХМ
Обозначение тома Кн. 7
300 ## - ОБЩИЕ ПРИМЕЧАНИЯ
Текст примечания Загл. обл.: Экслибрисы А. Г. Елфимова
512 1# - ЗАГЛАВИЕ ОБЛОЖКИ
Заглавие обложки Экслибрисы А. Г. Елфимова
600 #1 - ИМЯ ЛИЦА КАК ПРЕДМЕТ
Начальный элемент ввода Елфимов
Часть имени, кроме начального элемента ввода А. Г.
Даты 1950
Расширение инициалов личного имени Аркадий Григорьевич
Системный номер авторитетной/нормативной записи 2451054
Идентификатор авторитетной/нормативной записи RU\NLR\AUTH\661457308
606 ## - НАИМЕНОВАНИЕ ТЕМЫ КАК ПРЕДМЕТ
Наименование темы Экслибрисы
Хронологический подзаголовок 21 в.
Системный номер авторитетной/нормативной записи 2263997
Идентификатор авторитетной/нормативной записи RU\NLR\AUTH\6601586928
686 1# - ИНДЕКСЫ ДРУГИХ КЛАССИФИКАЦИЙ
Индекс Щ163(2Р=Рус)7-8Елфимов
686 1# - ИНДЕКСЫ ДРУГИХ КЛАССИФИКАЦИЙ
Индекс Ч610.613(2)7-8
686 1# - ИНДЕКСЫ ДРУГИХ КЛАССИФИКАЦИЙ
Индекс Щ153(0)65-487
702 #1 - ИМЯ ЛИЦА - ВТОРИЧНАЯ ОТВЕТСТВЕННОСТЬ
Начальный элемент ввода Птухин
Часть имени, кроме начального элемента ввода С. Ф.
Расширение инициалов личного имени Сергей Ф.
Код отношения Составитель
702 #1 - ИМЯ ЛИЦА - ВТОРИЧНАЯ ОТВЕТСТВЕННОСТЬ
Начальный элемент ввода Ягодинцева
Часть имени, кроме начального элемента ввода Н.
Расширение инициалов личного имени Нина
Код отношения Редактор
702 #1 - ИМЯ ЛИЦА - ВТОРИЧНАЯ ОТВЕТСТВЕННОСТЬ
Начальный элемент ввода Елфимов
Часть имени, кроме начального элемента ввода А. Г.
Даты 1950-
Расширение инициалов личного имени Аркадий Григорьевич
Код отношения Прочие
712 02 - НАИМЕНОВАНИЕ ОРГАНИЗАЦИИ - ВТОРИЧНАЯ ОТВЕТСТВЕННОСТЬ
Код отношения Прочие
Начальный элемент ввода "Возрождение Тобольска", общественный фонд
Идентификатор авторитетной/нормативной записи RU\NLR\AUTH\8810034289
Системный номер авторитетной/нормативной записи 566917
801 #0 - ИСТОЧНИК ЗАПИСИ
Страна российская федерация
Организация РГБ
Дата составления 20150528
Правила каталогизации RCR
942 ## - ДОПОЛНИТЕЛЬНЫЕ ЭЛЕМЕНТЫ ЗАПИСИ (АБИС)
Тип экземпляра АБИС Книга
980 ## - КОЛЛЕКЦИЯ
Название коллекции НБР

Нет доступных экземпляров.